Obálka Náhled e-knihy:
Epub
Pro půjčování e-knih musíte být přihlášeni.
Jak si půjčit online?

Clona. I., Nájezdník z Pustiny /

První román sci-fi série Clona přináší dystopické dobrodružství plné boje o přežití, futuristických scén, kvantových počítačových technologií a vojenské akce.

Uloženo v:
Série:Clona, část 1
Hlavní autor: Sekerka, Tomáš, 1988- (Autor)
Médium: E-kniha
Jazyk:Czech
Vydáno: Ostrava : Fantom Print, 2020
Vydání:1. vydání
Témata:
Příbuzné jednotky:Z cyklu:: Clona
Tagy:
Žádné tagy
LEADER 02622nam a2200409 i 4500
001 311218
003 CZ PrSKC
005 20260601215701.0
007 ta
008 200902s2020 xr g 000 f cze
015 |a cnb003244508 
020 |a 9788075940728  |q (brožováno) 
035 |a (OCoLC)1226361588 
040 |a ABG001  |b cze  |d OLA001  |d ABA001  |e rda 
072 7 |a 821.162.3-3  |x Česká próza  |2 Konspekt 
080 |a 821.162.3-31  |2 MRF 
080 |a (0:82-311.9)  |2 MRF 
100 1 |a Sekerka, Tomáš,  |d 1988-  |7 xx0251298  |4 aut 
245 1 0 |a Clona.  |n I.,  |p Nájezdník z Pustiny /  |c Tomáš Sekerka 
246 3 0 |a Nájezdník z Pustiny 
250 |a 1. vydání 
264 1 |a Ostrava :  |b Fantom Print,  |c 2020 
300 |a 382 stran ;  |c 21 cm 
336 |a text  |b txt  |2 rdacontent 
337 |a bez média  |b n  |2 rdamedia 
338 |a svazek  |b nc  |2 rdacarrier 
520 2 |a První román sci-fi série Clona přináší dystopické dobrodružství plné boje o přežití, futuristických scén, kvantových počítačových technologií a vojenské akce.  |b Vítejte v postkapitalismu. Letopočet se nyní počítá od Doby temna, po níž nepřišlo světlo zářných zítřků, nýbrž Clona. Přežít v Pustině, za hranicemi měst a megaměst, je těžké, ale komu vadí nepřetržité války barbarských kmenů, nedostatek potravin i vody, může se zkusit probít a prostřílet. Členové Klanu o tom vědí svoje. Mají navíc víru v Rubínového Boha, díky které mohou bojovat, i když jejich tělo mělo už dávno zemřít. Je v tom vážně jenom víra, nebo něco víc? Ani v megaměstech však není život růžový jako světlo Clony. Synonymum nekontrolovatelné zkázy zní KiSMET. Záhadný virus, napadající přímo lidský organismus skrze informační technologie, se sice nešíří exponenciálně jako klasický počítačový virus, ale o to víc je pro lidskou společnost smrtící. Nakladatelská anotace. Kráceno. 
655 7 |a české romány  |7 fd133974  |2 czenas 
655 7 |a vědecko-fantastické romány  |7 fd133847  |2 czenas 
655 9 |a Czech fiction  |2 eczenas 
655 9 |a science fiction novels  |2 eczenas 
787 0 8 |i Z cyklu:  |t Clona  |g 1 
900 |a ABA001  |b 21 
044 |a xr 
910 |a RBIT002 
998 |d 207979  |a https://core.palmknihy.cz/api/books/207979/cover?qeybrt  |b https://core.palmknihy.cz/api/books/207979/cover/400?qeybrt  |c https://core.palmknihy.cz/api/books/207979/cover/50?qeybrt  |e 2026-08-19  |g 384  |i 9788075940728  |j https://core.palmknihy.cz/api/books/207979/preview.epub  |l   |q 49  |r 1  |s https://www.palmknihy.cz/kniha/207979  |t ebook  |y 2020  |z 0  |v Clona  |w 1 
999 |d 311216